| 000 | 00625nam a2200205 u 4500 | ||
|---|---|---|---|
| 005 | 20240924071248.0 | ||
| 008 | 100426s2006 r 000 0 eng d | ||
| 020 | _a8466753796 | ||
| 035 | _aUPN01000175530 | ||
| 049 | _aI | ||
| 050 | 4 |
_aPZ74.9 _bG3.37 |
|
| 100 | 1 | _aGarcía de Oro, Gabriel | |
| 245 | 1 | 0 |
_aEscuela de superhéroes / _cGabriel García de Oro ; il. Javier Olivares. |
| 260 |
_aMadrid : _bAnaya, _c2006. |
||
| 300 |
_a83 p. : _bil. col. |
||
| 440 | 3 |
_aEl duende verde ; _v148. _pA partir de 10 años |
|
| 650 | 4 |
_aLiteratura infantil _94445 |
|
| 650 | 4 |
_aLibros y lectura para niños _92290 |
|
| 905 | _aLibro | ||
| 999 |
_c147634 _d147634 |
||